[Event "AUT-ch U18"]
[Site "St Veit"]
[Date "2023.04.05"]
[Round "6"]
[White "Tischler, Michel"]
[Black "Leitner, Thomas"]
[Result "1-0"]
[WhiteElo "2044"]
[BlackElo "1764"]
[PlyCount "59"]
[EventDate "2023.04.02"]
[EventType "swiss"]
[EventRounds "7"]
[EventCountry "AUT"]
[SourceTitle "EXT 2024"]
[Source "ChessBase"]
[SourceDate "2023.10.10"]
[SourceVersion "1"]
[SourceVersionDate "2023.10.10"]
[SourceQuality "1"]

1. e4 c5 2. Nc3 e6 3. f4 d5 4. Nf3 Nc6 5. Bb5 a6 6. Bxc6+ bxc6 7. d3 Ne7 8. 0-0 Ng6 9. Qe2 Be7 10. Na4 0-0 11. c4 Qc7 12. g3 Rd8 13. Be3 d4 14. Bc1 e5 15. f5 Nf8 16. b3 Nd7 17. Ba3 a5 18. Kf2 Nf6 19. h3 g6 20. g4 gxf5 21. gxf5 Kh8 22. Rg1 Bf8 23. Qd2 Ng8 24. Rxg8+ Kxg8 25. Qg5+ Bg7 26. f6 Kf8 27. Qxg7+ Ke8 28. Qg8+ Kd7 29. Qxf7+ Kd6 30. Bxc5# 1-0

[Event "AUT-ch U16"]
[Site "St Veit"]
[Date "2021.10.25"]
[Round "2.7"]
[White "Pernerstorfer, Moritz"]
[Black "Tischler, Michel"]
[Result "1-0"]
[WhiteElo "1884"]
[BlackElo "1678"]
[PlyCount "91"]
[EventDate "2021.10.25"]
[EventType "swiss"]
[EventRounds "7"]
[EventCountry "AUT"]
[SourceTitle "EXT 2023"]
[Source "ChessBase"]
[SourceDate "2022.10.05"]
[SourceVersion "1"]
[SourceVersionDate "2022.10.05"]
[SourceQuality "1"]

1. e4 c6 2. Nc3 d5 3. d3 dxe4 4. dxe4 Qxd1+ 5. Nxd1 e5 6. Nf3 f6 7. Bc4 Bc5 8. Ne3 g6 9. 0-0 Ke7 10. Bd2 Be6 11. Bxe6 Kxe6 12. Nc4 a6 13. Rad1 b5 14. Be3 Bxe3 15. Nxe3 Ne7 16. Nd2 a5 17. g3 Na6 18. f3 Rad8 19. Kf2 Rd6 20. Nb3 a4 21. Rxd6+ Kxd6 22. Rd1+ Kc7 23. Nc1 Rd8 24. Rxd8 Kxd8 25. Nd3 Nc8 26. c4 Nd6 27. cxb5 cxb5 28. Nd5 Ne8 29. f4 exf4 30. gxf4 Kd7 31. Ke3 Ke6 32. Kd4 Nd6 33. e5 fxe5+ 34. fxe5 Nf5+ 35. Ke4 g5 36. N5f4+ gxf4 37. Nxf4+ Ke7 38. Kxf5 b4 39. Nd5+ Ke8 40. e6 b3 41. axb3 axb3 42. Kf6 h6 43. e7 h5 44. h4 Nc5 45. Nc7+ Kd7 46. e8Q+ 1-0

[Event "AUT-ch U16"]
[Site "St Veit"]
[Date "2021.10.25"]
[Round "1.2"]
[White "Tischler, Michel"]
[Black "Marakovits, Nico"]
[Result "1/2-1/2"]
[WhiteElo "1678"]
[BlackElo "2221"]
[PlyCount "66"]
[EventDate "2021.10.25"]
[EventType "swiss"]
[EventRounds "7"]
[EventCountry "AUT"]
[SourceTitle "EXT 2023"]
[Source "ChessBase"]
[SourceDate "2022.10.05"]
[SourceVersion "1"]
[SourceVersionDate "2022.10.05"]
[SourceQuality "1"]

1. d4 Nf6 2. c4 e6 3. Nc3 Bb4 4. Qc2 0-0 5. a3 Bxc3+ 6. Qxc3 b6 7. Bg5 Bb7 8. e3 h6 9. Bh4 d6 10. Ne2 Nbd7 11. Qc2 Qe7 12. Nc3 c5 13. Rd1 Rfd8 14. d5 e5 15. Be2 Nf8 16. 0-0 Ng6 17. Bg3 Ne8 18. Bd3 Nf8 19. f4 exf4 20. Rxf4 Nf6 21. Qe2 N8d7 22. Rdf1 Re8 23. Ne4 Nxe4 24. Rxe4 Ne5 25. Bxe5 dxe5 26. Qh5 f6 27. Rg4 Kf8 28. Bf5 Red8 29. Qg6 Qf7 30. Qh7 Qg8 31. Qg6 Qf7 32. Qh7 Qg8 33. Qg6 Qf7 1/2-1/2

[Event "AUT-ch U16 Online Blitz"]
[Site "Playchess.com INT"]
[Date "2020.12.11"]
[Round "3"]
[White "Tischler, Michel"]
[Black "Maier, Marco"]
[Result "1-0"]
[WhiteElo "1561"]
[BlackElo "1620"]
[PlyCount "57"]
[EventDate "2020.12.11"]
[EventType "swiss (blitz)"]
[EventRounds "7"]
[EventCountry "AUT"]
[SourceTitle "EXT 2022"]
[Source "ChessBase"]
[SourceDate "2021.10.06"]
[SourceVersion "1"]
[SourceVersionDate "2021.10.06"]
[SourceQuality "1"]

1. e4 e5 2. Nf3 Nc6 3. Bc4 Nf6 4. d3 d5 5. exd5 Nxd5 6. 0-0 Bc5 7. Re1 Bg4 8. h3 Bxf3 9. Qxf3 Nf6 10. Nc3 0-0 11. Bg5 Nd4 12. Qd1 h6 13. Bh4 Re8 14. Ne4 Be7 15. c3 Nc6 16. b4 Nxe4 17. Bxe7 Qxe7 18. Rxe4 Rad8 19. Qh5 Qf6 20. Rae1 Re7 21. b5 Nb8 22. Rxe5 Rxe5 23. Rxe5 g6 24. Qe2 Nd7 25. Re7 Nc5 26. Rxf7 Kh8 27. Rxf6 Nd7 28. Rf7 Ne5 29. Qxe5+ 1-0

[Event "AUT-ch Vor4 Internet"]
[Site "Playchess.com INT"]
[Date "2020.04.25"]
[Round "2"]
[White "Neubauer, Martin"]
[Black "Tischler, Michel"]
[Result "1-0"]
[WhiteElo "2421"]
[BlackElo "1517"]
[PlyCount "61"]
[EventDate "2020.04.25"]
[EventType "swiss (blitz)"]
[EventRounds "9"]
[EventCountry "AUT"]
[SourceTitle "EXT 2021"]
[Source "ChessBase"]
[SourceDate "2020.10.23"]
[SourceVersion "1"]
[SourceVersionDate "2020.10.23"]
[SourceQuality "1"]

1. e4 e5 2. Nf3 Nc6 3. Bc4 Nf6 4. Ng5 d5 5. exd5 Na5 6. Bb5+ c6 7. dxc6 bxc6 8. Bd3 Bc5 9. 0-0 0-0 10. Nc3 Bb6 11. b4 Nb7 12. Nge4 Nd5 13. Bc4 f5 14. Ng3 Kh8 15. Qh5 Nxb4 16. Bb2 Nxc2 17. Rac1 Nd4 18. Kh1 Nd6 19. Na4 c5 20. f4 e4 21. Bd5 Rb8 22. Nxb6 axb6 23. Rc3 Rf6 24. Ra3 Rh6 25. Qg5 Qxg5 26. fxg5 Rg6 27. h4 h6 28. Nh5 hxg5 29. hxg5 Rxg5 30. Nf4 Rg4 31. Rh3+ 1-0

[Event "AUT-ch Vor4 Internet"]
[Site "Playchess.com INT"]
[Date "2020.04.25"]
[Round "7"]
[White "Tischler, Michel"]
[Black "Weichhart, Daniel"]
[Result "0-1"]
[WhiteElo "1517"]
[BlackElo "1648"]
[PlyCount "60"]
[EventDate "2020.04.25"]
[EventType "swiss (blitz)"]
[EventRounds "9"]
[EventCountry "AUT"]
[SourceTitle "EXT 2021"]
[Source "ChessBase"]
[SourceDate "2020.10.23"]
[SourceVersion "1"]
[SourceVersionDate "2020.10.23"]
[SourceQuality "1"]

1. e4 e5 2. Nf3 Nf6 3. Nc3 Nc6 4. Bb5 Nd4 5. Bc4 Bc5 6. 0-0 d6 7. h3 0-0 8. d3 h6 9. Na4 Bb6 10. c3 Nc6 11. b4 Be6 12. Bb3 Qe7 13. Nh2 Rfd8 14. Nxb6 axb6 15. f4 exf4 16. Bxf4 Bxb3 17. Qxb3 d5 18. exd5 Nxd5 19. Rae1 Qd7 20. d4 Nxf4 21. Rxf4 Re8 22. Ref1 Re7 23. Ng4 Rae8 24. b5 Na5 25. Qd1 Qxb5 26. Ne5 f6 27. Ng6 Re2 28. Qc1 Qg5 29. Nh4 Rxa2 30. Nf5 Qxg2# 0-1

[Event "AUT-ch Vor3 Internet"]
[Site "Playchess.com INT"]
[Date "2020.04.17"]
[Round "5"]
[White "Hofer, Maximilian"]
[Black "Tischler, Michel"]
[Result "1-0"]
[WhiteElo "2108"]
[BlackElo "1517"]
[PlyCount "49"]
[EventDate "2020.04.17"]
[EventType "swiss (blitz)"]
[EventRounds "9"]
[EventCountry "AUT"]
[SourceTitle "CBM 195 Extra"]
[Source "ChessBase"]
[SourceDate "2020.05.31"]
[SourceVersion "1"]
[SourceVersionDate "2020.05.31"]
[SourceQuality "1"]

1. e4 e5 2. Nf3 Nc6 3. Bc4 Bc5 4. b4 Bxb4 5. c3 Ba5 6. d4 exd4 7. 0-0 d6 8. Qb3 Qe7 9. e5 dxe5 10. Ba3 Qd7 11. Re1 Nge7 12. Bxf7+ Kd8 13. Nxe5 Nxe5 14. Rxe5 Nc6 15. Rd5 Bb6 16. Rxd7+ Bxd7 17. Nd2 dxc3 18. Nc4 Na5 19. Qxc3 Nxc4 20. Qxc4 c6 21. Re1 Kc7 22. Qf4+ Kc8 23. Bd6 Rf8 24. Bxf8 Bc7 25. Bd6 1-0

[Event "AUT-ch Vor3 Internet"]
[Site "Playchess.com INT"]
[Date "2020.04.17"]
[Round "8"]
[White "Tischler, Michel"]
[Black "Stolzlechner, Thomas"]
[Result "0-1"]
[WhiteElo "1517"]
[BlackElo "2037"]
[PlyCount "120"]
[EventDate "2020.04.17"]
[EventType "swiss (blitz)"]
[EventRounds "9"]
[EventCountry "AUT"]
[SourceTitle "CBM 195 Extra"]
[Source "ChessBase"]
[SourceDate "2020.05.31"]
[SourceVersion "1"]
[SourceVersionDate "2020.05.31"]
[SourceQuality "1"]

1. e4 e5 2. Nf3 Nc6 3. Bb5 a6 4. Ba4 Nf6 5. 0-0 Be7 6. d3 b5 7. Bb3 h6 8. Nc3 0-0 9. a3 d6 10. h3 Na5 11. Ba2 c5 12. Nd5 Nxd5 13. Bxd5 Bb7 14. Ba2 Nc6 15. c3 Re8 16. Nh2 Bf8 17. f4 Qc7 18. Qg4 exf4 19. Bxf4 Ne5 20. Bxe5 dxe5 21. Rxf7 Qxf7 22. Bxf7+ Kxf7 23. Rf1+ Kg8 24. Qg6 Rad8 25. Ng4 Kh8 26. Rf7 Rd6 27. Qf5 Rdd8 28. Nxh6 Bc8 29. Qh5 Re6 30. Nf5+ Kg8 31. Ra7 Rf6 32. Qg4 Bxf5 33. exf5 Rxd3 34. Qe4 Rd1+ 35. Kh2 Rf1 36. g4 Rf2+ 37. Kg3 Rf4 38. Qd5+ Kh7 39. Qxe5 Rf1 40. Kh4 Rh6+ 41. Kg3 Bd6 42. Qxd6 Rxd6 43. Kg2 Rb1 44. Kg3 Rxb2 45. c4 Rb3+ 46. Kh4 bxc4 47. a4 Rb4 48. a5 c3 49. Rc7 c4 50. Re7 c2 51. Re1 Rb1 52. Re2 c1Q 53. g5 Qf4+ 54. Kh5 Qf3+ 55. Kh4 Qxe2 56. g6+ Kh6 57. f6 Rd4+ 58. Kg3 Qe3+ 59. Kg2 Rb2+ 60. Kf1 Rd1# 0-1

[Event "Taufkirchen Innviertler-ch 21st"]
[Site "Taufkirchen"]
[Date "2019.08.25"]
[Round "5.4"]
[White "Tischler, Michel"]
[Black "Fugger, Christian"]
[Result "0-1"]
[WhiteElo "1480"]
[BlackElo "1833"]
[PlyCount "104"]
[EventDate "2019.08.23"]
[EventType "swiss"]
[EventRounds "5"]
[EventCountry "AUT"]
[SourceTitle "EXT 2024"]
[Source "ChessBase"]
[SourceDate "2023.10.10"]
[SourceVersion "1"]
[SourceVersionDate "2023.10.10"]
[SourceQuality "1"]

1. d4 d5 2. c4 e6 3. Nc3 Nf6 4. Bg5 Nbd7 5. cxd5 exd5 6. e3 Be7 7. Nf3 0-0 8. Bd3 c6 9. Qc2 Re8 10. Bf4 Nf8 11. h3 Ng6 12. Bh2 Bd6 13. 0-0 Bxh2+ 14. Nxh2 Qe7 15. a3 Ne4 16. b4 Nh4 17. Bxe4 dxe4 18. Ne2 a5 19. Qb2 Qg5 20. Ng3 h5 21. Qe2 g6 22. Rab1 axb4 23. axb4 Nxg2 24. Kxg2 h4 25. Rb3 Be6 26. Rbb1 hxg3 27. fxg3 Ra2 28. Rb2 Bc4 29. Rxa2 Bxe2 30. Rxe2 Qb5 31. Rb2 Ra8 32. Rfb1 Ra3 33. Nf1 Qd3 34. Rc1 Rb3 35. Rcc2 Rxb2 36. Rxb2 Qc3 37. Rf2 Qxb4 38. Nd2 f5 39. g4 Qc3 40. Re2 Qd3 41. Kf2 b5 42. gxf5 gxf5 43. Nf1 b4 44. Ng3 b3 45. Ke1 f4 46. Nf1 b2 47. Rxb2 Qc3+ 48. Rd2 fxe3 49. Nxe3 Qxe3+ 50. Kd1 Qxh3 51. d5 cxd5 52. Rxd5 Qb3+ 0-1

[Event "AUT-ch U14"]
[Site "St Veit"]
[Date "2019.06.10"]
[Round "6.14"]
[White "Weixler, Moritz"]
[Black "Tischler, Michel"]
[Result "0-1"]
[WhiteElo "1097"]
[BlackElo "1466"]
[PlyCount "47"]
[EventDate "2019.06.08"]
[EventType "swiss"]
[EventRounds "7"]
[EventCountry "AUT"]
[SourceTitle "EXT 2024"]
[Source "ChessBase"]
[SourceDate "2023.10.10"]
[SourceVersion "1"]
[SourceVersionDate "2023.10.10"]
[SourceQuality "1"]

1. d4 d5 2. c4 e6 3. cxd5 exd5 4. Nc3 Nf6 5. Nf3 Bd6 6. Bg5 c6 7. Qc2 Nbd7 8. e3 Qc7 9. Bh4 0-0 10. Bd3 h6 11. Bg3 Re8 12. Nh4 Nf8 13. 0-0-0 Bd7 14. Nf3 Rac8 15. Bf5 c5 16. Bxd6 Qxd6 17. Bxd7 N8xd7 18. h4 cxd4 19. Rxd4 b5 20. Qb3 Rc5 21. Kb1 Rec8 22. g4 Nb6 23. Nxb5 Qc6 24. Nxa7 0-1

[Event "AUT-ch U14"]
[Site "St Veit"]
[Date "2019.06.09"]
[Round "4.11"]
[White "Tischler, Michel"]
[Black "Kaspar, Sebastian"]
[Result "0-1"]
[WhiteElo "1466"]
[BlackElo "1581"]
[PlyCount "126"]
[EventDate "2019.06.08"]
[EventType "swiss"]
[EventRounds "7"]
[EventCountry "AUT"]
[SourceTitle "EXT 2024"]
[Source "ChessBase"]
[SourceDate "2023.10.10"]
[SourceVersion "1"]
[SourceVersionDate "2023.10.10"]
[SourceQuality "1"]

1. e4 d5 2. exd5 Qxd5 3. Nc3 Qa5 4. d3 c6 5. Bd2 Qc7 6. Nf3 Nf6 7. Qe2 Bg4 8. h3 Bh5 9. g4 Bg6 10. Bg2 e6 11. 0-0-0 Nbd7 12. Nh4 0-0-0 13. a3 Nb6 14. f4 Bd6 15. Rhf1 Rhe8 16. Nxg6 hxg6 17. Qf2 Kb8 18. Be3 Nfd5 19. Nxd5 exd5 20. b4 Nc8 21. Kd2 b6 22. Rb1 Ne7 23. a4 f6 24. a5 b5 25. Ra1 Rc8 26. c3 c5 27. bxc5 Bxc5 28. Bxc5 Qxc5 29. Qxc5 Rxc5 30. a6 Rec8 31. Rac1 R5c6 32. Rfe1 R8c7 33. Rb1 Rxa6 34. Rxb5+ Kc8 35. Bxd5 Nxd5 36. Rxd5 Ra2+ 37. Ke3 Re7+ 38. Kd4 Rxe1 39. g5 Ra4+ 40. c4 Re6 41. Rc5+ Kd7 42. Rb5 fxg5 43. fxg5 Rd6+ 44. Ke4 Kc6 45. Rb8 Ra3 46. d4 Rxh3 47. d5+ Kc7 48. Ke5 Re3+ 49. Kd4 Kxb8 50. Kxe3 Kc7 51. Kd4 a5 52. Ke5 a4 53. c5 Ra6 54. c6 Rxc6 55. dxc6 a3 56. Ke6 a2 57. Kf7 a1Q 58. Kxg6 Kxc6 59. Kh7 Kd7 60. g6 Ke7 61. Kg8 Qf6 62. Kh8 Kf8 63. Kh7 Qh4# 0-1

[Event "AUT-ch U14"]
[Site "St Veit"]
[Date "2019.06.08"]
[Round "2.9"]
[White "Miazhynski, Michael"]
[Black "Tischler, Michel"]
[Result "0-1"]
[WhiteElo "1582"]
[BlackElo "1466"]
[PlyCount "70"]
[EventDate "2019.06.08"]
[EventType "swiss"]
[EventRounds "7"]
[EventCountry "AUT"]
[SourceTitle "EXT 2024"]
[Source "ChessBase"]
[SourceDate "2023.10.10"]
[SourceVersion "1"]
[SourceVersionDate "2023.10.10"]
[SourceQuality "1"]

1. c4 e6 2. g3 d5 3. Bg2 c6 4. Nf3 Nf6 5. 0-0 Nbd7 6. d3 Be7 7. Nc3 0-0 8. Rb1 Qc7 9. b4 a5 10. a3 axb4 11. axb4 dxc4 12. dxc4 Rd8 13. Qc2 b6 14. Nd4 Ne5 15. e3 Bb7 16. Qe2 c5 17. bxc5 Bxc5 18. Ncb5 Qc8 19. Bb2 Bxg2 20. Kxg2 Bxd4 21. Bxd4 Qc6+ 22. f3 Qxc4 23. Qxc4 Nxc4 24. Rf2 Nd5 25. e4 Nde3+ 26. Kg1 e5 27. Bc3 Rd3 28. h4 Nd1 29. Rc2 Nce3 30. Rcc1 Ra2 31. Bb2 h6 32. Nc3 Rxb2 33. Rxb2 Nxb2 34. Ne2 Rd1+ 35. Kf2 Nd3+ 0-1

[Event "AUT-ch U12"]
[Site "St Veit"]
[Date "2017.06.05"]
[Round "6.11"]
[White "Tischler, Michel"]
[Black "Elsaesser, Daniel"]
[Result "1-0"]
[WhiteElo "1008"]
[BlackElo "1380"]
[PlyCount "49"]
[EventDate "2017.06.03"]
[EventType "swiss"]
[EventRounds "7"]
[EventCountry "AUT"]
[SourceTitle "EXT 2024"]
[Source "ChessBase"]
[SourceDate "2023.10.10"]
[SourceVersion "1"]
[SourceVersionDate "2023.10.10"]
[SourceQuality "1"]

1. e4 c5 2. Nf3 g6 3. Bc4 Nc6 4. d4 cxd4 5. Nxd4 Bg7 6. Be3 Nf6 7. Nc3 0-0 8. Qf3 Qb6 9. Nxc6 Qxb2 10. Nxe7+ Kh8 11. Kd2 Re8 12. a3 Nh5 13. Ned5 Re6 14. Rhb1 Bxc3+ 15. Nxc3 Rd6+ 16. Bd3 Qxa1 17. Rxa1 Rf6 18. Bd4 Kg7 19. Bxf6+ Nxf6 20. e5 Nh5 21. g4 Kg8 22. gxh5 gxh5 23. Bc4 h4 24. Qxf7+ Kh8 25. Qg8# 1-0

[Event "AUT-ch U12"]
[Site "St Veit"]
[Date "2017.06.04"]
[Round "3.5"]
[White "Tischler, Michel"]
[Black "Lerch, Johannes"]
[Result "1/2-1/2"]
[WhiteElo "1008"]
[BlackElo "1501"]
[PlyCount "128"]
[EventDate "2017.06.03"]
[EventType "swiss"]
[EventRounds "7"]
[EventCountry "AUT"]
[SourceTitle "EXT 2024"]
[Source "ChessBase"]
[SourceDate "2023.10.10"]
[SourceVersion "1"]
[SourceVersionDate "2023.10.10"]
[SourceQuality "1"]

1. e4 c5 2. Nf3 d6 3. d4 cxd4 4. Nxd4 g6 5. Bc4 Bg7 6. 0-0 Nf6 7. Nc3 Nc6 8. Nxc6 bxc6 9. Re1 Nd7 10. Qf3 Ne5 11. Qe2 Nxc4 12. Qxc4 c5 13. Bg5 f6 14. Bh4 Bd7 15. Rad1 Qc8 16. h3 Rb8 17. b3 Rb4 18. Qe2 0-0 19. Nd5 Re8 20. Nxb4 cxb4 21. Qc4+ Qxc4 22. bxc4 Be6 23. Rb1 a5 24. a3 Bh6 25. axb4 axb4 26. Red1 Rb8 27. Bg3 Bg5 28. f4 Bh6 29. c3 b3 30. c5 b2 31. Rd2 dxc5 32. Rdxb2 Rxb2 33. Rxb2 Bg7 34. Bf2 c4 35. Rb6 Kf7 36. Kf1 Bh6 37. Be3 f5 38. e5 Bg7 39. Ke2 h5 40. Bc5 Bh6 41. Ke3 Bg7 42. h4 Bh6 43. g3 Bg7 44. Kd4 Bh6 45. Rb7 Bf8 46. Bb4 Ke8 47. Kc5 Bc8 48. Rb8 Kd7 49. Kxc4 Kc7 50. Rb5 Ba6 51. Kc5 e6+ 52. Kc4 Kc6 53. Bxf8 Bxb5+ 54. Kd4 Ba6 55. c4 Bb7 56. Kc3 Bc8 57. Kb4 Bb7 58. Ka5 Bc8 59. Be7 Bb7 60. Bd6 Bc8 61. Kb4 Bb7 62. Kc3 Bc8 63. Kd3 Bb7 64. Ke3 Bc8 1/2-1/2